FAIRY BEARS (Record no. 6493)
[ view plain ]
| 000 -LEADER | |
|---|---|
| fixed length control field | 00555nam a22001457a 4500 |
| 020 ## - INTERNATIONAL STANDARD BOOK NUMBER | |
| ISBN | 978-0-330-53243-3 |
| 082 ## - DEWEY DECIMAL CLASSIFICATION NUMBER | |
| Classification number | 823 |
| Item number | SYK/F |
| 100 ## - MAIN ENTRY--AUTHOR NAME | |
| Personal name | SUKES, JULIE |
| 245 ## - TITLE STATEMENT | |
| Title | FAIRY BEARS |
| 260 ## - PUBLICATION, DISTRIBUTION, ETC. (IMPRINT) | |
| Place of publication | LONDON |
| Name of publisher | MAC MILLAN CHILDRENS BOOKS |
| Year of publication | 2010 |
| 300 ## - PHYSICAL DESCRIPTION | |
| Number of Pages | 82 |
| 520 ## - SUMMARY, ETC. | |
| Summary, etc | Fairy Bears are the size of a bumble bee and live beneath a giant Sycamore tree in Firefly Meadow. Fairy Bears always do their best, working hard 'to care for the world and all its plants, animals and children. ' This is the Fairy Bear Promise. |
| 650 ## - SUBJECT ADDED ENTRY--TOPICAL TERM | |
| Topical Term | SHORT STORY |
| 942 ## - ADDED ENTRY ELEMENTS (KOHA) | |
| Koha item type | Books |
| Withdrawn status | Lost status | Home library | Current library | Shelving location | Date acquired | Source of acquisition | Full call number | Accession Number | Koha item type | Collection code |
|---|---|---|---|---|---|---|---|---|---|---|
| Main Library | Main Library | SHELF 15-K-CHILDREN'S STORYBOOKS | 25/02/2014 | purchase | 823 SYK/F | 08196 | Books | |||
| Main Library | Main Library | SHELF 15-L-CHILDREN'S STORYBOOKS | 26/03/2014 | Purchase | 823 SYK/F | 08225 | Books | Fiction |